000 00817nas a2200289 4500
001 BR2013004120
003 BR-BrBNA
005 20231205122352.0
007 ta
008 230509b bl.|||p| |||| 00| 00por d
040 _aBR-BrBNA
_bpor
_cBiblioteca Nacional de Agricultura
041 _a(Pt)
072 _aF30
100 1 _aAmorim, E.P.
100 1 _aRamos, N.P.
100 1 _aUngaro, M.R.G.
100 1 _aKiihl, T.A.M.
245 1 _aCorrelações e análise de trilha em girassol
650 _aGIRASSOL
650 _aGENÓTIPO
650 _aPRODUTIVIDADE
650 _aMELHORAMENTO GENÉTICO VEGETAL
650 _aSELEÇÃO
773 0 _tBragantia (Brazil)
_xISSN 0006-8705
_g(apr-jun 2008), v. 67(2) p. 307-316
_wBR2013004120
909 _a202311
_bLúcia
_c55
_dLúcia Elande
942 _2AGRIS
_n0
_cANA
999 _c228295
_d228295